00502nam a2200169 i 4500001000700000003000900007005001700016007000300033008004100036080001200077100001900089245008900108260005800197300002700255650002900282852002100311133482ES-MaACL20230906194425.0t|070816s1905 xxk ||||1| eng d a16(038)1 aWolf, Abraham.14aThe existential import of categorical predication b: study in logic / cby A. Wolf. aCambridge : bUniversity Press, c1905 (fC. F. Clay) aXII, 164 p. ; c19 cm. 4aLógica-vDiccionarios. aES-MaACLjD-3475